| 000 | 00356nam a2200145Ia 4500 | ||
|---|---|---|---|
| 008 | 230917s9999||||xx |||||||||||||| ||und|| | ||
| 040 |
_e114755 _aMAIN |
||
| 041 | _aEnglish | ||
| 082 | _a822.33 S15M | ||
| 100 | _aShakespeare, william | ||
| 245 | 0 | _aMeasure for Measure | |
| 260 |
_aLondon _bWordsworth Classics _c2005 |
||
| 300 | _a144 p. | ||
| 942 | _cBK | ||
| 999 |
_c143685 _d143685 |
||